00230nam a2200085Ia 4500008004100000100001600041245004000057260003000097999001700127170817s9999 xx 000 0 und d aSHARMA R.A. 0aPHILOSOPHICAL PROBLMES OF EDUCATION bINTERNATIONAL PUB. MEERUT c36525d36525